Mandò lo Spirito Santo (Record n. 100915)
[ formato base ]
| 000 -LEADER | |
|---|---|
| fixed length control field | 01323njm a2200289Ia 4500 |
| 001 - CONTROL NUMBER | |
| control field | 24304 |
| 003 - CONTROL NUMBER IDENTIFIER | |
| control field | IT-RoPAU |
| 005 - DATE AND TIME OF LATEST TRANSACTION | |
| control field | 20220918181136.0 |
| 008 - FIXED-LENGTH DATA ELEMENTS--GENERAL INFORMATION | |
| fixed length control field | 131025s9999 xx 000 0 und d |
| 040 ## - CATALOGING SOURCE | |
| Original cataloging agency | IT-RoPAU |
| 040 ## - CATALOGING SOURCE | |
| Transcribing agency | IT-RoPAU |
| 041 ## - LANGUAGE CODE | |
| Language code of text/sound track or separate title | ITALIANO |
| 999 ## - SYSTEM CONTROL NUMBERS (KOHA) | |
| Koha Dewey Subclass [OBSOLETE] | n.d. |
| 100 ## - MAIN ENTRY--PERSONAL NAME | |
| Personal name | Rossi De Gasperis Francesco |
| 9 (RLIN) | 10107 |
| 100 ## - MAIN ENTRY--PERSONAL NAME | |
| Relator term | Autore testo |
| 9 (RLIN) | 10108 |
| 100 ## - MAIN ENTRY--PERSONAL NAME | |
| Miscellaneous information | Codice autore testo SPICS: 8170 |
| 9 (RLIN) | 10109 |
| 245 ## - TITLE STATEMENT | |
| Title | Mandò lo Spirito Santo |
| 250 ## - EDITION STATEMENT | |
| Edition statement | 1a ed. |
| 260 ## - PUBLICATION, DISTRIBUTION, ETC. (IMPRINT) | |
| Place of publication, distribution, etc. | ROMA |
| 260 ## - PUBLICATION, DISTRIBUTION, ETC. (IMPRINT) | |
| Name of publisher, distributor, etc. | EP - MUSICALI E DISCOGRAFICHE |
| Date of publication, distribution, etc. | 1984 [1a Ed.:1984 - Ed. Lingua Orig.: 1984] |
| 300 ## - PHYSICAL DESCRIPTION | |
| Extent | MUSICASSETTA |
| 300 ## - PHYSICAL DESCRIPTION | |
| Dimensions | 44 minuti (Testo: pag.) |
| 500 ## - GENERAL NOTE | |
| General note | Parlato. Lettura del testo: Benedetto Nardacci. Riflessione per il tempo di Pentecoste. |
| 505 ## - FORMATTED CONTENTS NOTE | |
| Formatted contents note | Effusione dello Spirito Santo e il "progetto" di Dio nel mondo - Esistenza cristiana come vita secondo "Lo Spirito" - Dono dello Spirito e discernimento cristiano - Uomo condotto dallo Spirito Santo - Profondità spirituale dell'uomo - Uomini figli di Dio per la liberazione del mondo - Ortoprassi cristiana - Camminare in una vita nuova - Spirito del Cristo risorto dirige il cristiano - Lo Spirito fa rivivere il mistero di Cristo nei discepoli. |
| 650 ## - SUBJECT ADDED ENTRY--TOPICAL TERM | |
| Topical term or geographic name as entry element | PARLATO [CASSETTE] |
| Relator term | Codice MATERIA SPICS: 9951 |
| 9 (RLIN) | 10110 |
| 942 ## - ADDED ENTRY ELEMENTS (KOHA) | |
| Koha item type | MUSICASSETTE |
| Source of classification or shelving scheme | Dewey Decimal Classification |
| Withdrawn status | Lost status | Damaged status | Not for loan | Home library | Current library | Date acquired | Total Checkouts | Full call number | Date last seen | Price effective from | Koha item type | Public note |
|---|---|---|---|---|---|---|---|---|---|---|---|---|
| Buone Condizioni | Not For Loan | SPICS-MEDIATECA | SPICS-MEDIATECA | 25/10/2013 | 24304 | 25/10/2013 | 25/10/2013 | MUSICASSETTE | Progr. Ins.: 5150 / N.Vol.: 1 / Copie: 1 - Copia rara: n.d. / date import: 01.01.2014 - By Epidotti, Trombetti, Vaglietti |